Towers (picture quiz) - Statistics

General Stats
  • This quiz has been taken 30 times
  • The average score is 6 of 12
Answer Stats
Picture Answer % Correct
Eiffel Tower
100%
Tower of Pisa
96%
Clock Tower
89%
Petronas Towers
75%
CN Tower
54%
Tower of London
50%
Sears Tower
43%
Tower of Babel
39%
Shanghai Tower
36%
Belém Tower
11%
Canton Tower
11%
Galata Tower
4%
No matching quizzes found
Score Distribution
Percent of People with Each Score
Percentile by Number Answered
Your Score History
You have not taken this quiz